000 00394nam a22001457a 4500
005 20190430171145.0
008 190430b xxu||||| |||| 00| 0 eng d
020 _a9789933381301
041 _aeng
100 _aBhui,Bikas Chandra & Chatterjee
_94956
245 _aMathematics II Probability and Statistics
260 _aGaziabad
_bVikas Publishing House
_c2019
300 _a483p
942 _cBK
999 _c5838
_d5836